Papallones de la Serralada de Marina / Parc de la Serralada de Marina
Publicado:
Barcelona :
Diputació de Barcelona. Àrea d'Espais Naturals. Xarxa de Parcs Naturals ,
2011
Descripción Física:
27 p. : fot. col. ; 21 cm
Colección:
Patrimoni natural
MARC
| LEADER | 00000nam a2200000Ia 4500 | ||
|---|---|---|---|
| 001 | 23407 | ||
| 008 | 160829s2011 xx 000 0 cat d | ||
| 080 | |a FU-61-24 | ||
| 110 | 1 | |a Parc de la Serralada de Marina (Catalunya) |9 10205 | |
| 245 | |a Papallones de la Serralada de Marina / Parc de la Serralada de Marina | ||
| 260 | |a Barcelona : |b Diputació de Barcelona. Àrea d'Espais Naturals. Xarxa de Parcs Naturals, |c 2011 | ||
| 300 | |a 27 p. : |b fot. col. ; |c 21 cm | ||
| 490 | |a Patrimoni natural | ||
| 650 | |a Papallones |9 48798 | ||
| 650 | |a Parc de la Serralada de Marina | ||
| 710 | 1 | |a Barcelona (Catalunya : Província). |b Xarxa de Parcs Naturals |9 7250 | |
| 710 | |a Barcelona (Catalunya : Província). |b Àrea d'Espais Naturals |9 9050 | ||
| 901 | |a Arxiu | ||
| 942 | |n 1 | ||
| 952 | |0 0 |1 0 |4 0 |6 FU6124 |7 1 |9 54863 |a Arxiu |b Arxiu |d 2012-03-08 |l 0 |o FU-61-24 |p 23407 |r 2016-12-01 00:00:00 |w 2016-12-01 |y ARXIU | ||
| 999 | |c 58733 |d 58733 | ||